Kouvolan suuralueet kartalla - Statistics

Yleistilastot
  • Tätä visaa on pelattu 73 kertaa
  • Keskiarvotulos 5 / 6
Vastaukset kartalla
Vastauksille on annettu kartalla punavihreä väri sen mukaan, kuinka moni on saanut sen oikein.
 
Vastaustilastot
Vastaus % Oikein
Kuusankoski
88%
Kouvolan keskusta-alue
83%
Valkeala
81%
Elimäki
73%
Jaala
73%
Anjalankoski
58%
Ehtoja vastaavia visoja ei löytynyt
Tulosjakauma
Jokaisen tuloksen saaneiden osuus
Persentiili vastausten määrän mukaan
Tuloshistoriasi
Et ole pelannut tätä visaa